Sports Quiz

Random Sports or NFL Quiz
Score 0/64 Timer 13:00
0 Plays Today
team Player % Correct
ChiefsPatrick Mahomes
99.4%
Patriots Tom Brady
98.8%
Packers Aaron Rodgers
98.8%
Saints Drew Brees
98.8%
Seahawks Russell Wilson
98.8%
Chargers Phillip Rivers
98.8%
Falcons Matt Ryan
98.2%
Eagles Carsen Wentz
98.2%
Ravens Lamar Jackson
98.2%
Bears Mitchell Trubisky
98.2%
Browns Baker Mayfield
97.6%
Texans Deshaun Watson
97.6%
Rams Jared Goff
97.6%
Cowboys Dak Prescott
97.6%
Panthers Cam Newton
97.6%
Vikings Kirk Cousins
97.6%
Bills Josh Allen
97.6%
Panthers Kyle Allen
97.6%
Broncos Bradon Allen
97.6%
Steelers Ben Roethlisberger
97%
Titans Marcus Mariota
97%
Jaguars Nick Foles
97%
Raiders Derek Carr
97%
Jets Sam Darnold
97%
Buccaneers Jameis Winston
97%
Lions Matthew Stafford
96.4%
Cardinals Kyler Murray
95.8%
Bengals Andy Dalton
95.8%
Redskins Case Keenum
94.5%
Giants Eli Manning
94.5%
49ers Jimmy Garoppolo
93.9%
Broncos Joe Flacco
93.3%
team Player % Correct
Saints Teddy Bridgewater
93.3%
Dolphins Ryan Fitzpatrick
92.7%
Giants Daniel Jones
90.3%
Steelers Mason Rudolph
89.7%
Redskins Dwayne Haskins
89.1%
Dolphins Josh Rosen
88.5%
Titans Ryan Tannehill
87.3%
Jaguars Gardner Minshew
87.3%
Colts Jacoby Brisett
85.5%
Chargers Tyrod Taylor
73.9%
Falcons Matt Schaub
69.1%
Bears Chase Daniel
67.9%
Eagles Josh Mccown
67.3%
Ravens Robert Griffin
66.7%
Rams Blake Bortles
64.8%
Colts Brian Hoyer
64.8%
Seahawks Geno Smith
63.6%
49ers Nick Mullens
62.4%
Chiefs Matt Moore
61.2%
Bengals Ryan Finley
46.1%
Raiders Mike Glennon
44.2%
Cardinals Brett Hundley
43.6%
Jets Luke Falk
41.8%
Texans AJ Mccarron
35.2%
Bills Matt Barkley
34.5%
Cowboys Cooper Rush
32.1%
Vikings Sean Mannion
30.3%
Buccaneers Blaine Gabbert
30.3%
Browns Drew Stanton
30.3%
Lions Josh Johnson
24.8%
Patriots Cody Kessler
21.2%
Packers Tim Boyle
20.6%
Remove Ads.
Support Sporcle.
Get the best of Sporcle when you Go Orange. This ad-free experience offers more features, more stats, and more fun while also helping to support Sporcle. Thank you for becoming a member.

You're not logged in!

Compare scores with friends on all Sporcle quizzes.
OR
Log In

Show Comments

Extras

Created Sep 28, 2019ReportNominate
Tags:NFL Quiz, 2019, Player, team

Top Quizzes Today


Score Distribution

Your Account Isn't Verified!

In order to create a playlist on Sporcle, you need to verify the email address you used during registration. Go to your Sporcle Settings to finish the process.

Report this User

Report this user for behavior that violates our Community Guidelines.

Details: